Demand is there but what about the debt? (Record no. 83719)
[ view plain ]
| 000 -LEADER | |
|---|---|
| fixed length control field | 00984cab a22001935a 4500 |
| 001 - CONTROL NUMBER | |
| control field | L154825 |
| 008 - FIXED-LENGTH DATA ELEMENTS--GENERAL INFORMATION | |
| fixed length control field | 120123e20120113xxk 000 0 eng d |
| 035 ## - SYSTEM CONTROL NUMBER | |
| System control number | (Sirsi) u154825 |
| 041 0# - LANGUAGE CODE | |
| Language code of text/sound track or separate title | eng |
| 110 2# - MAIN ENTRY--CORPORATE NAME | |
| Corporate name or jurisdiction name as entry element | Property Week |
| 9 (RLIN) | 1549 |
| 245 00 - TITLE STATEMENT | |
| Title | Demand is there but what about the debt? |
| 260 ## - PUBLICATION, DISTRIBUTION, ETC. | |
| -- | 2012 |
| 490 #0 - SERIES STATEMENT | |
| Series statement | Property Week |
| Volume/sequential designation | 78(02) 13 January 2012, 32(1) |
| 520 ## - SUMMARY, ETC. | |
| Summary, etc. | Cushman & Wakefield's UK investment market briefing for December 2011 shows prime yields closing the year averaging 5.73%, only four basis points higher than at the beginning of the year. By sector retail has lost the most ground since the onset of the Eurozone crisis. Debt is not getting easier or cheaper to obtain; debt for secondary property is particularly hard to find. Tables cover prime property comparative yields 2007 to December 2011 and prime property yields by decades from the 1950s. |
| 590 ## - LOCAL NOTE (RLIN) | |
| Local note | KA |
| 651 #4 - SUBJECT ADDED ENTRY--GEOGRAPHIC NAME | |
| Geographic name | United Kingdom |
| Chronological subdivision | |
| 690 ## - LOCAL SUBJECT ADDED ENTRY--TOPICAL TERM (OCLC, RLIN) | |
| Topical term or geographic name as entry element | Commercial property |
| 9 (RLIN) | 6227 |
| 942 ## - ADDED ENTRY ELEMENTS (KOHA) | |
| Suppress in OPAC | 0 |
| Withdrawn status | Lost status | Source of classification or shelving scheme | Damaged status | Not for loan | Home library | Current library | Shelving location | Date acquired | Total Checkouts | Full call number | Barcode | Date last seen | Copy number | Price effective from | Koha item type |
|---|---|---|---|---|---|---|---|---|---|---|---|---|---|---|---|
| Dewey Decimal Classification | London | London | Journal article | 22/01/2012 | L154825 | 154825-1001 | 06/08/2019 | 1 | 06/08/2019 | Journal article |